Офицерское собрание русской армии и флота (Запись № 2476413)

Подробности
000 -МАРКЕР
контрольное поле 02442nam0a2200373 4500
001 - ИДЕНТИФИКАТОР ЗАПИСИ
контрольное поле RU\NLR\bibl\1866884
005 - ИДЕНТИФИКАТОР ВЕРСИИ
контрольное поле 20260405235917.0
010 ## - МЕЖДУНАРОДНЫЙ СТАНДАРТНЫЙ НОМЕР КНИГИ (ISBN)
Номер (ISBN) 5-85-303-043-9
Тираж 500
035 ## - ДРУГИЕ СИСТЕМНЫЕ НОМЕРА
Идентификатор записи (NLR Aleph) 001856757
100 ## - ДАННЫЕ ОБЩЕЙ ОБРАБОТКИ
Данные общей обработки 20120208d2011 |||y0rusy50 ca
101 0# - ЯЗЫК РЕСУРСА
Язык текста, звукозаписи и т.д. русский
102 ## - СТРАНА ПУБЛИКАЦИИ ИЛИ ПРОИЗВОДСТВА
Страна публикации Российская Федерация
105 ## - ПОЛЕ КОДИРОВАННЫХ ДАННЫХ: ТЕКСТОВЫЕ МАТЕРИАЛЫ, МОНОГРАФИЧЕСКИЕ
Кодированные данные о монографическом текстовом документе a |||||||||
200 1# - ЗАГЛАВИЕ И СВЕДЕНИЯ ОБ ОТВЕТСТВЕННОСТИ
Основное заглавие Офицерское собрание русской армии и флота
Сведения, относящиеся к заглавию страницы военной истории Санкт-Петербурга
Первые сведения об ответственности М.Я. Тарасов
210 ## - ПУБЛИКАЦИЯ, РАСПРОСТРАНЕНИЕ И ДР.
Место издания, распространения и т.д. Санкт-Петербург
Имя издателя, распространителя и т. д. Пальмира
Дата издания, распространения и т.д. 2011
215 ## - ФИЗИЧЕСКАЯ ХАРАКТЕРИСТИКА
Специфическое обозначение материала и объем 256 с.
Другие сведения о физической характеристике ил.
Размеры 25
300 ## - ОБЩИЕ ПРИМЕЧАНИЯ
Текст примечания На 4-й с. обл. авт.: Тарасов М.Я., полк., к.в.н., доц.
320 ## - ПРИМЕЧАНИЯ О НАЛИЧИИ В ДОКУМЕНТЕ БИБЛИОГРАФИИ / УКАЗАТЕЛЯ
Текст примечания Библиогр. в подстроч. прим.
601 02 - НАИМЕНОВАНИЕ ОРГАНИЗАЦИИ КАК ПРЕДМЕТ
Начальный элемент ввода Петербургское офицерское собрание армии и флота
Системный номер авторитетной/нормативной записи 2190765
Идентификатор авторитетной/нормативной записи RU\NLR\auth\661316955
601 02 - НАИМЕНОВАНИЕ ОРГАНИЗАЦИИ КАК ПРЕДМЕТ
Начальный элемент ввода Центральный дом Советской армии им. М.В. Фрунзе
Идентифицирующий признак Москва, город
Системный номер авторитетной/нормативной записи 2095882
Идентификатор авторитетной/нормативной записи RU\NLR\auth\661571642
601 02 - НАИМЕНОВАНИЕ ОРГАНИЗАЦИИ КАК ПРЕДМЕТ
Начальный элемент ввода Центральный дом Российской армии им. М.В. Фрунзе
Идентифицирующий признак Москва, город
Системный номер авторитетной/нормативной записи 2095887
Идентификатор авторитетной/нормативной записи RU\NLR\auth\661571645
601 02 - НАИМЕНОВАНИЕ ОРГАНИЗАЦИИ КАК ПРЕДМЕТ
Начальный элемент ввода Культурный центр Вооруженных Сил Российской Федерации им. М.В. Фрунзе
Идентифицирующий признак Москва, город
Системный номер авторитетной/нормативной записи 2095888
Идентификатор авторитетной/нормативной записи RU\NLR\auth\661571646
686 ## - ИНДЕКСЫ ДРУГИХ КЛАССИФИКАЦИЙ
Индекс Ц4,8(2)425.21
686 ## - ИНДЕКСЫ ДРУГИХ КЛАССИФИКАЦИЙ
Индекс Ц4,6(2)425.21
700 #1 - ИМЯ ЛИЦА - ПЕРВИЧНАЯ ОТВЕТСТВЕННОСТЬ
Код отношения Автор
Материалы, к которым относится поле rus
Графика поля Кириллица
Начальный элемент ввода Тарасов
Часть имени, кроме начального элемента ввода М. Я.
Дополнения к именам, кроме дат канд. воен. наук
Расширение инициалов личного имени Михаил Яковлевич
Идентификатор авторитетной/нормативной записи RU\NLR\auth\77109497
Системный номер авторитетной/нормативной записи 92422
801 #0 - ИСТОЧНИК ЗАПИСИ
Страна Российская Федерация
Организация NLR
Дата составления 20120208
Правила каталогизации RCR
801 #1 - ИСТОЧНИК ЗАПИСИ
Страна Российская Федерация
Организация NLR
Дата составления 20120208
830 ## - ОБЩЕЕ ПРИМЕЧАНИЕ, СОСТАВЛЕННОЕ КАТАЛОГИЗАТОРОМ
Текст примечания по кн
942 ## - ДОПОЛНИТЕЛЬНЫЕ ЭЛЕМЕНТЫ ЗАПИСИ (АБИС)
Тип экземпляра АБИС Книга
980 ## - КОЛЛЕКЦИЯ
Название коллекции Национальная библиография
980 ## - КОЛЛЕКЦИЯ
Название коллекции НБР
981 43 - КОЛЛЕКЦИЯ ЭЛЕКТРОННОЙ БИБЛИОТЕКИ
Название коллекции Тематическая подборка Санкт-Петербург
Название подколлекции
Экземпляры
Тип экземпляра Дата поступления Источник поступления Стоимость Библиотека постоянного хранения Библиотека текущего хранения Место хранения Шифр хранения Штрих-код Статус экземпляра
Книга 08.02.2012 Дар 300.00 РНБ (Московский) РНБ (Московский) Русский книжный фонд: издания с 1957 года 2012-7/657 1-229702  
Книга 24.01.2013 Дар 350.00 РНБ (Садовая) РНБ (Садовая) Универсальный читальный зал У Ц4,8(2)/Т-191 1-145671